000 00302nam a2200133Ia 4500
008 221030s9999 xx 000 0 und d
041 _aEnglish
082 _a105.23
100 _aR. Chatterjee
245 0 _aAntenna - Theory & Practice
_cby R. Chatterjee
260 _c0
650 _aB
942 _cBK
999 _c11476
_d11476